000 00906nam a2200301 c 4500
003 BLK
005 20180420234421.0
008 180410b bul|||||r ||||||| ||bul||
010 _aKNG00165038000
020 _a0-00-713041-4
_bиздат.: HarperCollins
040 _aBLK
041 _aENG
_cENG
072 7 _2bullib
_aН83
_xЧужда художествена литература Н
080 _aАнглийска литература
_b821.111
_x-312.4
_z821.111-312.4
100 1 _aWilson, Robert
_eпърви автор
_9333972
139 _aWilson, Robert
_bW 70
245 1 0 _aBlood is Durt
_cRobert Wilson.
257 _aGBR
260 London
_bHarperCollins
_c2002
300 _a358 c.
_c18 см
380 _aX
659 _aН
852 _aЦб І 20831
856 4 _qpdf
_u
856 4 _qpdf
_u
942 _cKNG
_n0
944 _aCR
_c19.09.2014
_kПенка_Димитрова
944 _aED
_c23.09.2014
_k
999 _c158070
_d158070